States That Beat Washington - Statistics

General Stats
  • This quiz has been taken 33 times
  • The average score is 15 of 17
Answer Stats
Rank Category State % Correct
4 More north Alaska | Minnesota | Idaho
100%
10 Larger percentage of Native Americans Alaska | New Mexico | South Dakota | Oklahoma | Montana | North Dakota | Arizona | Wyoming | Idaho
100%
3 More homeless people California | Florida
100%
9 Later admission to the Union Hawaii | Alaska | Arizona | New Mexico | Oklahoma | Utah | Wyoming | Idaho
100%
4 Higher average house price Hawaii | California | Massachusetts
100%
5 Larger numbers of Asians Hawaii | California | New Jersey | New York | Nevada
100%
9 Greater average income Maryland | New Jersey | Hawaii | Massachusetts | Connecticut | California | New Hampshire | Alaska
100%
10 Developing faster Nevada | Arizona | Florida | Alaska | Utah | Colorado | Texas | Idaho
100%
4 Greatest maximum elevation Alaska | California | Colorado
97%
8 Higher life expectancy Hawaii | California | New York | Minnesota | Connecticut | Massachusetts
97%
5 Where is the rent too high Hawaii | California | Maryland | New Jersey
93%
6 Higher percentage of inhabitants commuting to work / school by public transport New York | New Jersey | Massachusetts | Illinois | Maryland
93%
2 More wine production California
90%
2 More grape production California
90%
10 More people born in the state (Percentage) Nevada | Florida | Arizona | New Hampshire | Alaska | Colorado | Wyoming | Delaware | Oregon
76%
4 The right to vote was faster for women Wyoming | Colorado | Idaho | Utah
52%
2 More patents per capita Vermont
10%
No matching quizzes found
Score Distribution
Percent of People with Each Score
Percentile by Number Answered
Your Score History
You have not taken this quiz